000 00448nam a2200193Ia 4500
008 101110s9999 xx 000 0 und d
041 _aENGLISH
082 _bSR2349
_a338.101
100 _aDalal Gokhale
245 _aElements of Commerce
365 _b17.5
520 _aCommerce
546 _aENGLISH
630 _aElements of Commerce
650 _aCommerce
655 _aCommerce
730 _aElements of Commerce
942 _cBOOK
999 _c799135
_d799132